El oficio de enseñar: condiciones y contextos

Uloženo v:
Podrobná bibliografie
Hlavní autor: Litwin, Edith (autora)
Médium: Kniha
Jazyk:španělština
Vydáno: Buenos Aires Paidós 2016
Vydání:1a. ed
Edice:Biblioteca Fundamental de la Educación
Témata:
Tagy: Přidat tag
Žádné tagy, Buďte první, kdo vytvoří štítek k tomuto záznamu!

MARC

LEADER 00000cam a2200000 a 4500
001 UCC7511
003 CL-VaPUC
008 190409e20160000ag |||||||||||||||||spa|d
020 |a 9789501293555 
082 0 4 |a 371.1  |b LIT  |2 21 
100 |a Litwin, Edith  |e autora  |9 602145 
245 1 3 |a El oficio de enseñar: condiciones y contextos 
250 |a 1a. ed 
300 |a 226 p 
942 |c BK 
945 |d 20190409 14:28:00  |a dcastane 
260 |a Buenos Aires  |b Paidós  |c 2016 
650 0 |a Formación de docentes  |9 329378 
650 0 |a Formación profesional de profesores  |9 307493 
650 0 |a Diseño curricular  |9 378490 
650 0 |a Vocación  |9 328817 
650 0 |a Métodos de enseñanza  |9 270413 
583 |a last modification  |c 20190409 14:28:00  |k Rodrigo Vera 
490 0 |a Biblioteca Fundamental de la Educación 
999 |c 374133  |d 374131 
952 |0 0  |1 0  |3 erb  |4 0  |6 371_100000000000000_LIT_2016  |7 0  |8 A  |9 492555  |a BIBHIS  |b BIBHIS  |i 5541484  |o 371.1 LIT 2016  |p 5541484  |r 2025-01-20  |w 2019-11-24  |y BK  |z Catalogado en:20190409  |k HIS